The Walking Dead Character That... Quiz Stats

 Plays Quiz not verified by Sporcle

Score 0/105 Timer 20:00
0 Plays Today
Clue Character % Correct
Awakens from a comaRick Grimes
99.8%
Is handcuffed to a pipe on a rooftopMerle Dixon
98.3%
Shoots her reanimated sisterAndrea
95.7%
Sacrifices Otis to a horde of walkersShane Walsh
94.4%
Finds Sophia's dollDaryl Dixon
93.9%
Kills ShaneRick Grimes
92.7%
Dies in childbirthLori Grimes
91.9%
Lets the walkers out of the barnShane Walsh
91.8%
Is bit and gets his leg chopped offHershel Greene
91.8%
Sleeps with the GovernorAndrea
91.8%
Gets lost in the woodsSophia Peletier
91.6%
Shows Rick to Hershel's farmOtis
91.5%
Gets drunk at the barHershel Greene
91%
Slits her wristsBeth Greene
90.8%
Kills the Governor's zombified daughterMichonne
90.8%
Has zombified heads in fish tanksThe Governor
90.5%
Is beaten up by ShaneEd Peletier
90%
Rescues Andrea in the woodsMichonne
90%
Frees a walker that kills DaleCarl Grimes
89.7%
Receives a Cherokee roseCarol Peletier
89.5%
Gets kidnapped by the Vatos gangGlenn Rhee
89.5%
Kidnaps Glenn and MaggieMerle Dixon
89.5%
Tells Rick that everyone is infectedDr. Edwin Jenner
87.6%
Is beat up by MerleGlenn Rhee
87.2%
Exiles Carol from the prisonRick Grimes
87.2%
Shoots Lizzie and is forgiven by TyreeseCarol Peletier
86.8%
Leaves the group with MerleDaryl Dixon
86.6%
Declares war on WoodburyRick Grimes
86.5%
Is anxious to get Eugene to WashingtonAbraham Ford
86.3%
Kisses Bob for the first timeSasha Williams
86.3%
Wakes up in Grady Memorial HospitalBeth Greene
86.3%
Kills his entire armyThe Governor
85.4%
Eats a huge jar of puddingCarl Grimes
85.2%
Blows up TerminusCarol Peletier
84.8%
Reveals that he lied about the cureEugene Porter
84.7%
Clue Character % Correct
Is decapitated by the GovernorHershel Greene
84.7%
Offers his church as a shelterGabriel Stokes
84.7%
Visits the prison with help from MiltonAndrea
83.7%
Finds a moonshine still with DarylBeth Greene
83.5%
Brutally slices GarethRick Grimes
81.5%
Tries to take Michonne to the GovernorMerle Dixon
81.3%
Learns two secrets from GlennDale Horvath
81.1%
Brutally bashes the skulls of Abraham and GlennNegan
80.4%
Forms a plan to lead a giant horde awayRick Grimes
80.3%
Sees dead people after being bitTyreese Williams
79.6%
Imprisons Rick's group in a train carGareth
79.1%
Brings the group to AlexandriaAaron
79%
Names a random walker 'Nick'Lizzie Samuels
78.9%
Gets an ultrasound at HilltopMaggie Greene
78.5%
Kills Beth and is killed by DarylDawn Lerner
78%
Tells Daryl where Beth isNoah
77.8%
Pretends to be an innocent housewifeCarol Peletier
77.8%
Watches his old friend Rick shoot PeteMorgan Jones
77.8%
Promises to help Glenn find MaggieTara Chambler
77.6%
Is devoured beside her son SamJessie Anderson
76.7%
Is impaled in the leg by a fencepostRandall Culver
76.1%
Joins the ClaimersDaryl Dixon
75.7%
Has a pet tiger named ShivaEzekiel
75.6%
Gets in a fight with RickPete Anderson
75.5%
Shoots MorganCarl Grimes
75.1%
Tells Carl to just survive somehowEnid
74.8%
Is supposedly eaten by a horde of walkersGlenn Rhee
74.5%
Emotionally reunites with DarylCarol Peletier
74.2%
Destroys the empty town of WoodburyThe Governor
74.1%
Is killed because Nicholas is a cowardNoah
74.1%
Makes a bomb for Negan's wivesEugene Porter
74%
Kills herself inside a coffinSasha Williams
73.9%
Breaks down in his cell at the SanctuaryDaryl Dixon
73.7%
Gets in a fist fight with RickTyreese Williams
73.5%
Shoots Daryl in the shoulderDwight
72.4%
Clue Character % Correct
Throws Jesus a can of orange sodaDaryl Dixon
72.2%
Sings Negan a songCarl Grimes
72%
Offers to betray Negan and help RickDwight
72%
Gets shot by Dwight with Daryl's crossbowDenise Cloyd
71.8%
Shoots Lucille after Negan kills SpencerRosita Espinosa
71.4%
Is sliced through the head by RickTomas
69.9%
Convinces the Saviors that she is patheticCarol Peletier
69.9%
Falls in love with the GovernorLilly Chambler
69.1%
Lays down in a pit of dead walkersSasha Williams
68.7%
Is separated from Heath on a supply runTara Chambler
68.5%
Unwillingly leaves his dying boyfriend under a treeAaron
67.7%
Helplessly watches his tiger get devouredEzekiel
67.4%
Falls off a ferris wheel while looking at a deerRick Grimes
65.8%
Saved by Zach who ends up dyingBob Stookey
65.8%
Had guns hidden in his houseSpencer Monroe
65.5%
Drives the RV into the horde of SaviorsEugene Porter
63.4%
Tells Rick he was right to exile CarolMaggie Greene
62.5%
Puts up a flyer that Rick tears downGabriel Stokes
62.3%
Reappears as a Savior after leaving Atlanta a long time agoMorales
61.9%
Burns the walkers in the pitMilton Mamet
61.6%
Tries to give Maggie and Sasha to the SaviorsGregory
59.9%
Hides in a cellar with DarylMaggie Greene
58.6%
Makes a water filter for dirty creek waterRosita Espinosa
57.9%
Strangles Richard to deathMorgan Jones
56.8%
Steals from the food pantrySpencer Monroe
56%
Aids Morgan in finding his wayEastman
55.7%
Takes food from Alexandria and leavesGabriel Stokes
53.3%
Is imprisoned at Hilltop along with the SaviorsGregory
53%
Gets bit while saving Rick's lifeDeanna Monroe
52.5%
Gets shot by the GovernorAxel
52.5%
Finds a big box of grenadesAbraham Ford
52.4%
Is chastised by Sasha for saving herMichonne
51.8%
Is spared from killing a living person by GlennHeath
51.7%
Hopefully has his sh*tting pants onGabriel Stokes
49.8%
Figures out that Dwight is helping RickEugene Porter
41.1%

You're not logged in!

Compare scores with friends on all Sporcle quizzes.
OR
Log In

Show Comments

Extras

Top Quizzes Today


Score Distribution

Your Account Isn't Verified!

In order to create a playlist on Sporcle, you need to verify the email address you used during registration. Go to your Sporcle Settings to finish the process.

Report this User

Report this user for behavior that violates our Community Guidelines.

Details: